[Event "Yalta op"]
[Site "Yalta"]
[Date "1996.??.??"]
[Round "3"]
[White "Goloshchapov, Alexander"]
[Black "Notkin, Maksim"]
[Result "0-1"]
[WhiteElo "2445"]
[BlackElo "2515"]

1.e4 e5 2.Nf3 Nc6 3.Bb5 a6 4.Ba4 Nf6 5.O-O Be7 6.Re1 b5 7.Bb3 d6 8.c3 O-O
9.h3 Nb8 10.d4 Nbd7 11.Nbd2 Bb7 12.Bc2 Re8 13.Nf1 Bf8 14.Ng3 g6 15.a4 c5
16.d5 c4 17.Nh2 h5 18.Nf3 Nh7 19.Be3 Nc5 20.Qd2 Rb8 21.h4 Nf6 22.Bg5 Be7
23.Nf1 Bc8 24.axb5 axb5 25.g3 Qb6 26.N3h2 Bd7 27.Qe2 Kg7 28.Nd2 Ra8 29.Be3 Qb7
30.f3 Rxa1 31.Rxa1 Ra8 32.Qd1 Bd8 33.b4 cxb3 34.Nxb3 Na4 35.Qd3 Rc8 36.Bd2 b4
37.c4 Nb2 38.Qe2 Nxc4 39.Bc1 Na3 40.Bd3 Rc3 41.Nd2 Qb6+ 42.Kg2 Qd4  0-1

[Event "RUS-Cup4"]
[Site "Perm"]
[Date "1997.02.14"]
[Round "7"]
[White "Bezgodov, Alexei"]
[Black "Balashov, Yuri S"]
[Result "0-1"]
[WhiteElo "2570"]
[BlackElo "2510"]

1.e4 e5 2.Nf3 Nc6 3.Bb5 a6 4.Ba4 Nf6 5.O-O Be7 6.Re1 b5 7.Bb3 d6 8.c3 O-O
9.h3 Nb8 10.d4 Nbd7 11.Nbd2 Bb7 12.Bc2 Re8 13.a4 Bf8 14.Bd3 c6 15.b3 g6 16.Qc2 Rc8
17.Bb2 Nh5 18.Bf1 exd4 19.cxd4 d5 20.e5 b4 21.Nh2 c5 22.Qd3 cxd4 23.Ndf3 Nc5
24.Qd1 Ne4 25.Bxd4 Nf4 26.Ng4 Ne6 27.Bb2 Bg7 28.Rc1 Nc3 29.Qd2 d4 30.Ngh2 Rc7
31.h4 h5 32.Bc4 Rd7 33.Qd3 Kh8 34.Bxe6 Rxe6 35.Qc4 Bh6 36.Qxb4 a5 37.Qa3 Bxc1
38.Bxc1 d3 39.Bg5 Qc8 40.Bf6+ Rxf6 41.exf6 d2 42.Nxd2 Rxd2 43.Qe7 Rd7 44.Qe5 Kh7
45.Qxa5 Nd5 46.Nf3 Nxf6 47.Ng5+ Kg8 48.Qe5 Qc6 49.f3 Qb6+ 50.Kh2 Qf2 51.Qg3 Qd4
52.Re5 Bd5 53.Re2 Kg7  0-1

[Event "MK Cafe op-A"]
[Site "Koszalin"]
[Date "1997.08.05"]
[Round "4"]
[White "Murawski, Grzegorz"]
[Black "Janocha, Wieslaw"]
[Result "1/2-1/2"]
[WhiteElo "2275"]
[BlackElo "2375"]

1.e4 e5 2.Nf3 Nc6 3.Bb5 a6 4.Ba4 Nf6 5.O-O Be7 6.Re1 b5 7.Bb3 d6 8.c3 O-O
9.h3 Nb8 10.d4 Nbd7 11.Nbd2 Bb7 12.Bc2 Re8 13.Nf1 Bf8 14.Ng3 g6 15.Bg5 h6
16.Bd2 Bg7 17.Qc1 Kh7 18.h4 Nh5 19.Nf1 Qf6 20.N1h2 Qe7 21.g4 Nhf6 22.g5 Nh5
23.gxh6 Bf8 24.Ng5+ Kh8 25.Bb3 f6 26.Ne6 Nb6 27.Nxf8 Rxf8 28.Nf1 Nc4 29.Bxc4 bxc4
30.Qd1 Qe6 31.Qf3 d5 32.Ng3 dxe4 33.Nxe4 Qd5 34.Qh3 Rad8 35.Nc5 Bc8 36.Qg2 exd4
37.Qxd5 Rxd5 38.Ne6 Bxe6 39.Rxe6 dxc3 40.Bxc3 Kh7 41.Rxa6 Kxh6 42.Rc6 Nf4
43.Re1 Kh5 44.Rxc4 g5 45.hxg5 fxg5 46.f3 Rd3 47.Rf1 Re8 48.Rxc7 Re2 49.Rh7+ Kg6
50.Rh2 Kf5 51.a4 Ree3 52.Bd2 Ne2+ 53.Kf2 Re8 54.Bc1 Nd4 55.Kg3 Ne2+ 56.Kg2 Ra8
57.Re1 Nxc1 58.Rxc1 Rxa4 59.Rc2 Rb3 60.Rh6 Ra5 61.Rd6 Rab5 62.Rdd2 Kf4 63.Rd4+  1/2-1/2

[Event "ST Lee Cup 4th"]
[Site "Beijing"]
[Date "1997.08.31"]
[Round "7"]
[White "Liu Dede"]
[Black "Li Shilong"]
[Result "0-1"]
[WhiteElo "2400"]
[BlackElo "2335"]

1.e4 e5 2.Nf3 Nc6 3.Bb5 a6 4.Ba4 Nf6 5.O-O Be7 6.Re1 b5 7.Bb3 d6 8.c3 O-O
9.h3 Nb8 10.d4 Nbd7 11.Nbd2 Bb7 12.Bc2 Re8 13.Nf1 Bf8 14.Ng3 g6 15.a4 c5
16.dxe5 dxe5 17.b3 Qc7 18.Qe2 Bc6 19.Nd2 Bg7 20.Ngf1 Nf8 21.Bd3 Ne6 22.Nf3 c4
23.bxc4 bxa4 24.Bc2 Qa5 25.N3d2 Qxc3 26.Ra3 Qb4 27.Qd1 Nc5 28.Ra2 Qb7 29.Ba3 Bf8
30.Bxc5 Bxc5 31.Bxa4 a5 32.Qc2 Bb4 33.Re2 Rec8 34.Ng3 Ra6 35.Nf3 Nd7 36.Qc1 Bxa4
37.Rxa4 Qb5 38.Raa2 Rxc4 39.Qh6 f6 40.h4 Bf8 41.Qe3 a4 42.h5 Qc5 43.hxg6 hxg6
44.Qd2 Rd6 45.Qb2 Rd1+ 46.Kh2 Rcc1 47.Rd2 Qe7 48.Rxd1 Rxd1 49.Ne2 Qh7+ 50.Kg3 f5
51.exf5 gxf5 52.Rxa4 Rh1 53.Qd2 Qg6+ 54.Ng5 Nf6 55.Kf3 Qh5+ 56.Ke3 Qxg5+
57.f4 Qxg2 58.Qa2+ Nd5+ 59.Kd2 Rh2 60.Kc1 Qf1+  0-1

[Event "Elgoibar"]
[Site "Elgoibar"]
[Date "1997.12.04"]
[Round "9"]
[White "Sion Castro, Marcelino"]
[Black "Giorgadze, Giorgi"]
[Result "1/2-1/2"]
[WhiteElo "2435"]
[BlackElo "2625"]

1.e4 e5 2.Nf3 Nc6 3.Bb5 a6 4.Ba4 Nf6 5.O-O Be7 6.Re1 b5 7.Bb3 O-O 8.c3 d6
9.h3 Nb8 10.d4 Nbd7 11.Nbd2 Bb7 12.Bc2 Re8 13.a4 Bf8 14.Bd3 c6 15.b3 g6 16.Bb2 Nh5  1/2-1/2

[Event "Budapest"]
[Site "Budapest"]
[Date "1997.??.??"]
[Round "5"]
[White "Karatorossian, David"]
[Black "Kovacs, Laszlo M"]
[Result "1/2-1/2"]
[WhiteElo "2235"]
[BlackElo "2365"]

1.e4 e5 2.Nf3 Nc6 3.Bb5 a6 4.Ba4 Nf6 5.O-O Be7 6.Re1 b5 7.Bb3 d6 8.c3 O-O
9.h3 Nb8 10.d4 Nbd7 11.Nbd2 Bb7 12.Bc2 Re8 13.Nf1 Bf8 14.Ng3 g6 15.a4 c5
16.b3 Qc7 17.d5 Bg7 18.Qe2 b4 19.c4 Kh8 20.Kh1 Rf8 21.Rg1 Ng8 22.Nf1 Bh6
23.g4 Bxc1 24.Rxc1 f6 25.Ng3 Rae8 26.Rg2 Bc8 27.Nh2 Rf7 28.Nhf1 Nf8 29.h4 Qe7
30.Ne3 Nh6 31.Rcg1 a5 32.f3 Ng8 33.Qd2 Qd8 34.Bd3 h6 35.Qf2 Rh7 36.Rh2 Ree7
37.Bc2 Ref7 38.Ne2 g5 39.Ng3 Ng6 40.hxg5 hxg5 41.Nh5 Nf4 42.Nxf4 gxf4 43.Nf5 Bxf5
44.gxf5 Rxh2+ 45.Kxh2 Rh7+ 46.Kg2 Qf8 47.Kf1 Qh6 48.Qg2 Qh3 49.Qxh3 Rxh3
50.Kg2 Rg3+ 51.Kf2 Rg5 52.Bd3 Kg7 53.Bf1 Rxg1 54.Kxg1 Kh6 55.Kh2 Kh5 56.Kg2 Kh4
57.Kh2 Nh6 58.Kg2 Nf7 59.Kh2 Ng5 60.Kg2 Nh3 61.Bd3  1/2-1/2

[Event "Budapest"]
[Site "Budapest"]
[Date "1997.??.??"]
[Round "9"]
[White "Kiss, Gedeon"]
[Black "Kovacs, Laszlo M"]
[Result "0-1"]
[WhiteElo "2190"]
[BlackElo "2365"]

1.e4 e5 2.Nf3 Nc6 3.Bb5 a6 4.Ba4 Nf6 5.O-O Be7 6.Re1 b5 7.Bb3 d6 8.c3 O-O
9.h3 Nb8 10.d4 Nbd7 11.Nbd2 Bb7 12.Bc2 Re8 13.b3 Bf8 14.a4 c5 15.d5 Nb6 16.a5 Nbd7
17.Nf1 Bc8 18.Bg5 Be7 19.Ng3 g6 20.Nh2 Ra7 21.Be3 Rb7 22.Qd2 Nf8 23.b4 c4
24.Rf1 h5 25.f4 exf4 26.Bxf4 h4 27.Ne2 Nh5 28.Be3 Nh7 29.Nf3 Bf6 30.Bd4 Be5
31.Nxe5 dxe5 32.Be3 g5 33.Kh2 Nf4 34.Nxf4 gxf4 35.Bf2 Nf8 36.Qe2 Qg5 37.Bd1 f6
38.Qh5 Rg7 39.Rg1 Ng6 40.Bf3 Rh7 41.Qxg5 fxg5 42.Rad1 Nf8 43.d6 Nd7 44.Bg4 Nf6
45.Bxc8 Rxc8 46.Bb6 Rd7 47.Rge1 Kf7 48.Kg1 Ke6 49.Bc5 Rg8 50.Kf2 g4 51.hxg4 Rxg4
52.Rd2 Rg3 53.Rc2 Rdg7 54.Kf1 Rd3 55.Kf2 Rgg3  0-1

[Event "Goodricke op"]
[Site "Calcutta"]
[Date "1997.??.??"]
[Round "2"]
[White "Shetty, Rahul"]
[Black "Roktim, Bandyopadhyay"]
[Result "1-0"]
[WhiteElo "2335"]
[BlackElo "2195"]

1.e4 e5 2.Nf3 Nc6 3.Bb5 a6 4.Ba4 Nf6 5.O-O Be7 6.Re1 b5 7.Bb3 d6 8.c3 O-O
9.h3 Nb8 10.d4 Nbd7 11.Nbd2 Bb7 12.Bc2 Re8 13.Nf1 Bf8 14.Ng3 g6 15.a4 Bg7
16.b4 c6 17.Bg5 h6 18.Be3 Qc7 19.dxe5 dxe5 20.Nh2 h5 21.Nf3 Nh7 22.Qe2 Bf8
23.Bb3 Be7 24.Red1 Ndf8 25.Qa2 Bf6 26.a5 Ne6 27.Bb6 Qe7 28.Qe2 Bc8 29.Qe3 Nhf8
30.Ra2 Nd7 31.Rad2 Nxb6 32.Qxb6 Qb7 33.Qxb7 Bxb7 34.Rd7 Rab8 35.R1d6 Be7
36.Bxe6 Bxd6 37.Bxf7+ Kf8 38.Bxe8  1-0

[Event "CZE-chT2 9697"]
[Site "CZE"]
[Date "1997.??.??"]
[Round "?"]
[White "Dalecky, Bretislav"]
[Black "Svoboda, Milos"]
[Result "1/2-1/2"]
[WhiteElo "2190"]
[BlackElo "2275"]

1.e4 e5 2.Nf3 Nc6 3.Bb5 a6 4.Ba4 Nf6 5.O-O Be7 6.Re1 b5 7.Bb3 d6 8.c3 O-O
9.h3 Nb8 10.d4 Nbd7 11.Bg5 c5 12.dxe5 dxe5 13.Bxf6 Bxf6 14.Bd5 Rb8 15.Qe2 Nb6
16.Rd1 Nxd5 17.Rxd5 Qe7 18.Qe3 c4 19.Na3 Be6 20.Rd2 b4 21.Nc2 a5 22.Qe2 Rfd8
23.Rad1 Qc5 24.Ne3 Rxd2 25.Qxd2 Kf8 26.Qc1 Rd8 27.Rxd8+ Bxd8 28.Qd2 Be7 29.Kf1 h6
30.Ke1 Qb5 31.Nd5 bxc3 32.Nxc3 Qc5 33.a3 f6 34.Nh4 Kf7 35.Nf5 Bxf5 36.exf5 Qd4
37.Qxd4 exd4 38.Nd5 Bc5 39.a4 d3 40.f3 Bd4 41.Kd2 Ke8 42.b3 cxb3 43.Kxd3 b2
44.Kc2 Kd7 45.Nf4 Kd6 46.g4 Kc5 47.Ne6+ Kc4 48.f4 Bc3 49.Nxg7 Kb4 50.Ne8 Kxa4
51.Nc7 b1=Q+ 52.Kxb1 Kb3 53.Ne6 a4 54.Nc5+ Kb4 55.Ne4 Bd4 56.Ka2 Kc4 57.g5 hxg5
58.fxg5 fxg5 59.f6 Kd5 60.f7 Bg7 61.Nxg5 Kd6 62.Ka3 Ke7 63.Kxa4 Bh6  1/2-1/2

[Event "CZE-chT1c 9697"]
[Site "CZE"]
[Date "1997.??.??"]
[Round "?"]
[White "Zigo, Viktor"]
[Black "Soukal, Rudolf"]
[Result "1-0"]
[WhiteElo "2285"]
[BlackElo "2200"]

1.e4 e5 2.Nf3 Nc6 3.Bb5 a6 4.Ba4 Nf6 5.O-O Be7 6.Re1 b5 7.Bb3 d6 8.c3 O-O
9.h3 Nb8 10.d4 Nbd7 11.Nbd2 Bb7 12.Bc2 Re8 13.Nf1 Bf8 14.Ng3 g6 15.a4 Bg7
16.dxe5 dxe5 17.Qe2 c6 18.Rd1 Qc7 19.Be3 Bf8 20.b4 Nb6 21.a5 Nc4 22.Bg5 Bg7
23.Bb3 Nd6 24.Be3 c5 25.Rxd6 Qxd6 26.Bxc5 Qc6 27.Ng5 Rf8 28.Bxf8 Rxf8 29.c4 h6
30.cxb5 axb5 31.Nxf7 Rxf7 32.a6 Ba8 33.Qa2 Nxe4 34.Bxf7+ Kf8 35.Qd5 Qxd5
36.Bxd5 Bxd5 37.Nxe4 Bxe4 38.a7 Ba8 39.Ra5  1-0

[Event "CZE-chT1c 9697"]
[Site "CZE"]
[Date "1997.??.??"]
[Round "?"]
[White "Slapak, Zdenek"]
[Black "Kratochvil, Milos"]
[Result "1-0"]
[WhiteElo "2180"]
[BlackElo "2070"]

1.e4 e5 2.Nf3 Nc6 3.Bb5 a6 4.Ba4 Nf6 5.O-O Be7 6.Re1 b5 7.Bb3 d6 8.c3 O-O
9.h3 Nb8 10.d4 Nbd7 11.Nbd2 Bb7 12.Bc2 Re8 13.Nf1 Bf8 14.Ng3 g6 15.a4 c5
16.d5 Nb6 17.axb5 axb5 18.Rxa8 Qxa8 19.Bg5 Nfd7 20.b3 c4 21.b4 Qa3 22.Ne2 Ra8
23.Nh2 f6 24.Be3 Na4 25.Qd2 Be7 26.Nf3 Bd8 27.g4 Bb6 28.Bh6 Bc8 29.g5 Ra7
30.Kg2 Bd8 31.gxf6 Bxf6 32.Ng5 Qa2 33.Ne6 Nab6 34.Rf1 Qb2 35.Re1 Qa2 36.Rc1 Qa6
37.Bg5 Qb7 38.Bd1 Ra3 39.Ng3 Qa7 40.Bxf6 Nxf6 41.Qg5 Ne8 42.Qd8 Kf7 43.Nf5  1-0

[Event "CZE-chT 9697"]
[Site "CZE"]
[Date "1997.??.??"]
[Round "7"]
[White "Hracek, Zbynek"]
[Black "Smejkal, Jan"]
[Result "1/2-1/2"]
[WhiteElo "2630"]
[BlackElo "2505"]

1.e4 e5 2.Nf3 Nc6 3.Bb5 a6 4.Ba4 Nf6 5.O-O Be7 6.Re1 b5 7.Bb3 d6 8.c3 O-O
9.h3 Nb8 10.d4 Nbd7 11.Nbd2 Bb7 12.Bc2 Re8 13.a4 Bf8 14.Bd3 c6 15.Nf1 g6
16.Ng3 Bg7 17.Bg5 h6 18.Bd2 Qc7 19.Qc1 Kh7 20.h4 Nb6 21.b3 bxa4 22.bxa4 a5
23.h5 c5 24.Bb5 Re7 25.dxe5 dxe5 26.c4 Nbd7 27.Bc3 Nf8 28.Qb2 Ng4 29.Qe2 Ne6
30.Ng5+ Nxg5 31.Qxg4 Bc8 32.Qd1 Ne6 33.Nf1 Bb7 34.Qg4 Nf4 35.Ng3 Bc8 36.Qd1 Bb7
37.Ra2 Ne6 38.Qg4 Nd4 39.Nf1 Bc8 40.Qd1 Bb7 41.Qg4 Re6 42.Ne3 gxh5 43.Qxh5 Bxe4
44.Nd5 Bxd5 45.cxd5 Nxb5 46.axb5 Rg6 47.Bxe5 Bxe5 48.Rxe5 c4 49.Qe2 Rag8
50.g3 Qc5 51.Kh2 Qxb5 52.d6 Qc6 53.Raxa5  1/2-1/2

[Event "Neckar op 1st"]
[Site "Deizisau"]
[Date "1997.??.??"]
[Round "9"]
[White "Gheng, Josef"]
[Black "Englmeier, Heinz"]
[Result "1/2-1/2"]
[WhiteElo "2295"]
[BlackElo "2140"]

1.e4 e5 2.Nf3 Nc6 3.Bb5 a6 4.Ba4 Nf6 5.O-O b5 6.Bb3 Be7 7.Re1 O-O 8.c3 d6
9.h3 Nb8 10.d4 Nbd7 11.Nbd2 Bb7 12.a4 Re8 13.Bxf7+ Kxf7 14.Qb3+ d5 15.dxe5 Nc5
16.Qa2 Nd3 17.exf6 Nxe1 18.fxe7 Nxf3+ 19.Nxf3 Qxe7 20.Be3 Kg8 21.exd5 Qd6
22.Rd1 Re4 23.axb5 axb5 24.Qb3 Rea4 25.Qxb5 Ra1 26.Bc1 Ba6 27.Qc6 Qxc6 28.dxc6 Be2
29.Re1 Bxf3 30.gxf3 R8a6 31.Bd2 Rxe1+ 32.Bxe1 Rxc6 33.Bd2 Kf7 34.Be3 Ke6
35.Bd4 Kd5 36.Kf1 g6 37.h4 Kc4 38.b4 Re6 39.Kg2 c6 40.Kg3 Re7 41.Kg4 Rf7
42.f4 Rf5 43.Be5 Kd3 44.Kf3 h5 45.Bd4 Rf7 46.Be5 Rd7  1/2-1/2

[Event "Dhaka"]
[Site "Dhaka"]
[Date "1997.??.??"]
[Round "4"]
[White "Hasan, Kayes"]
[Black "Kaiumov, Dmitry D"]
[Result "0-1"]
[WhiteElo "2255"]
[BlackElo "2450"]

1.e4 e5 2.Nf3 Nc6 3.Bb5 a6 4.Ba4 Nf6 5.O-O Be7 6.Re1 b5 7.Bb3 d6 8.c3 O-O
9.h3 Nb8 10.d4 Nbd7 11.Nbd2 Bb7 12.a4 c5 13.Bc2 Re8 14.Nf1 d5 15.dxe5 Nxe4
16.axb5 axb5 17.Rxa8 Qxa8 18.e6 Ndf6 19.exf7+ Kxf7 20.Ne5+ Kg8 21.f3 Bd6
22.Ng4 Nxg4 23.Bxe4 Ne5 24.f4 dxe4 25.Qxd6 Nd3 26.Rd1 Nxc1 27.Rxc1 e3 28.Re1 e2
29.Ng3 Bxg2 30.Rxe2 Rxe2 31.Nxe2 Bxh3 32.Kf2 Bg4 33.Ng1 c4 34.Kg3 h5 35.Qe5 Qc6
36.Qb8+ Kh7 37.Qe5 Qg6 38.Nf3 Qd3 39.Qe4+ Kh6 40.Qxd3 cxd3 41.Nd2 Kg6 42.Kf2 h4
43.Ke3 h3 44.Nf1 Be2 45.Nh2 Kf5  0-1

[Event "Frydek-Mistek op-A"]
[Site "Frydek-Mistek"]
[Date "1997.??.??"]
[Round "3"]
[White "Khmelnitsky, Sergei"]
[Black "Socko, Bartosz"]
[Result "1/2-1/2"]
[WhiteElo "2305"]
[BlackElo "2435"]

1.e4 e5 2.Nf3 Nc6 3.Bb5 a6 4.Ba4 Nf6 5.O-O Be7 6.Re1 b5 7.Bb3 d6 8.c3 O-O
9.h3 Nb8 10.d4 Nbd7 11.Nbd2 Bb7 12.Bc2 Re8 13.Nf1 Bf8 14.Ng3 g6 15.a4 Bg7
16.Qd3 c6 17.b4 d5 18.Nxe5 dxe4 19.Nxe4 Nxe5 20.dxe5 Nxe4 21.Qxd8 Raxd8 22.Bxe4 Rxe5
23.Bf4 Re6 24.Re3 Rde8 25.Bf3 Rxe3 26.Bxe3 Bxc3 27.Rc1 Bxb4 28.axb5 axb5
29.Bxc6 Bxc6 30.Rxc6 Bf8 31.Rb6 b4 32.Kf1 f5 33.Bd2 Re4 34.Rb7 f4 35.f3 Rd4
36.Ke2 g5 37.Be1 h6 38.h4 gxh4 39.Bxh4 Rc4 40.Be1 Rc1 41.Bxb4 Rb1 42.Bxf8 Rxb7
43.Bxh6 Rb4 44.Bg5 Kf7 45.Bh4 Kg6 46.Bf2 Rb2+ 47.Kf1 Rb3 48.Bc5 Rb1+ 49.Ke2 Rb2+
50.Kf1 Kf5 51.Bd4 Rb1+ 52.Ke2 Rb8 53.Ba7 Rg8 54.Kf1 Ke5 55.Bb6 Rg7 56.Bc5 Kd5
57.Bb6 Kc4 58.Bf2 Kd3 59.Bc5 Rc7 60.Bb6 Rc1+ 61.Kf2 Rc6 62.Ba7 Ra6 63.Bc5 Kc4
64.Be7 Kd4 65.Bb4 Ra2+ 66.Kf1 Rb2 67.Bd6 Ke3 68.Bc5+ Kd3 69.Bd6  1/2-1/2

[Event "BL2-S9697"]
[Site "Germany"]
[Date "1997.??.??"]
[Round "?.3"]
[White "Werner, Marc"]
[Black "Toth, Bela"]
[Result "1/2-1/2"]
[WhiteElo "2360"]
[BlackElo "2395"]

1.e4 e5 2.Nf3 Nc6 3.Bb5 a6 4.Ba4 Nf6 5.O-O Be7 6.Re1 b5 7.Bb3 d6 8.c3 O-O
9.h3 Nb8 10.d4 Nbd7 11.Nbd2 Bb7 12.Bc2 Re8 13.a4 Bf8 14.Bd3 c6 15.b3 Qc7
16.Qc2 Rad8 17.Bb2 g6 18.b4 Bg7 19.dxe5 Nxe5 20.Nxe5 dxe5 21.Nb3 Nd7 22.Qe2 Bf8
23.Bc2 Nb6 24.Na5 Bc8 25.Red1 Be6 26.Bc1 Nc4 27.Rxd8 Rxd8 28.Bg5 f6 29.axb5 axb5
30.Be3 Nxe3 31.Qxe3 c5 32.Bb3 c4 33.Bc2 Rd7 34.Rd1 Rxd1+ 35.Bxd1 Qd7 36.Be2 Qc7
37.Bg4 Bf7 38.Qd2 Bd6 39.h4 h5 40.Bh3 Kg7 41.Kf1 Kf8 42.g3 Ke7 43.Ke1 Qb6
44.Bc8 Kf8 45.Qh6+ Kg8 46.Qd2 Bb8 47.Bd7 Kg7 48.Kf1 Bc7 49.Bc6 Be6 50.Bd7 Bf7
51.Bc6 Bb8 52.Bd7 Bc7 53.Bc6 Be6 54.Bd7 Bf7 55.Bc6 Be6 56.Bd7 Bf7  1/2-1/2

[Event "NRW-Liga II 9697"]
[Site "Germany"]
[Date "1997.??.??"]
[Round "6.2"]
[White "Dueball, Juergen"]
[Black "Galdunts, Sergey"]
[Result "0-1"]
[WhiteElo "2390"]
[BlackElo "2450"]

1.e4 e5 2.Nf3 Nc6 3.Bb5 a6 4.Ba4 Nf6 5.O-O Be7 6.Re1 b5 7.Bb3 d6 8.c3 O-O
9.h3 Nb8 10.d4 Nbd7 11.Nh4 g6 12.Bh6 Re8 13.Nf3 c5 14.Nbd2 Bb7 15.Ng5 c4
16.Bc2 Bf8 17.Bxf8 Nxf8 18.dxe5 dxe5 19.Nf1 Qc7 20.Nh2 Kg7 21.Ng4 Nxg4 22.hxg4 Rad8
23.Qe2 Bc8 24.Rad1 Qe7 25.Nh3 Qh4 26.f3 h5 27.Qf2 Qf6 28.Qg3 Qb6+ 29.Kh2 hxg4
30.fxg4 f6 31.g5 Nh7 32.Rxd8 Qxd8 33.Rd1 Qb6 34.Rd5 Nxg5 35.Qf2 Qxf2 36.Nxf2 Ne6
37.a4 Rd8 38.Rxd8 Nxd8 39.axb5 axb5 40.Kg3 Ne6 41.Kf3 Nc5 42.g3 Kh6 43.Ke3 Kg5
44.Bd1 Bd7 45.Bc2 Bc6 46.Bd1 f5 47.Nh3+ Kf6 48.exf5 gxf5 49.Nf2 Bg2 50.Bc2 Kg5
51.Bd1 Kg6 52.Bc2 Kf6 53.Bd1 Kg5 54.Bc2 Bd5 55.Bd1 Bf7 56.Nh3+ Kh6 57.Bc2 Bg6
58.Bd1 Ne4 59.g4 f4+ 60.Nxf4 exf4+ 61.Kxf4 Nf2 62.g5+ Kg7 63.Bf3 Nd3+ 64.Ke3 Be8  0-1

[Event "Heart of Finland op"]
[Site "?"]
[Date "1997.??.??"]
[Round "2"]
[White "Holmsten, Aleksei"]
[Black "Linnanen, Lassi"]
[Result "0-1"]
[WhiteElo "2325"]
[BlackElo "2180"]

1.e4 e5 2.Nf3 Nc6 3.Bb5 a6 4.Ba4 Nf6 5.O-O Be7 6.Re1 b5 7.Bb3 O-O 8.c3 d6
9.h3 Nb8 10.d4 Nbd7 11.Nbd2 c5 12.Nf1 Bb7 13.Ng3 Re8 14.d5 c4 15.Bc2 Nc5
16.Nh2 Bf8 17.Bg5 h6 18.Be3 g6 19.Qd2 Kh7 20.Re2 a5 21.Rf1 b4 22.cxb4 axb4
23.Qxb4 Qc7 24.a3 Nfd7 25.Rc1 Ba6 26.Qc3 Qb7 27.Ree1 Rab8 28.Rb1 Rec8 29.Ne2 Nd3
30.Rf1 N7c5 31.Bxc5 Rxc5 32.Ng4 Bg7 33.Ne3 Qc8 34.Ng3 h5 35.Bxd3 cxd3 36.Qd2 h4
37.Nh1 Rc2 38.Nxc2 dxc2 39.Rbc1 Rxb2 40.f4 Bxf1  0-1

[Event "Kastel Stari op"]
[Site "Kastel Stari"]
[Date "1997.??.??"]
[Round "6"]
[White "Palac, Mladen"]
[Black "Stevic, Hrvoje"]
[Result "1/2-1/2"]
[WhiteElo "2595"]
[BlackElo "2400"]

1.e4 e5 2.Nf3 Nc6 3.Bb5 a6 4.Ba4 Nf6 5.O-O Be7 6.Re1 b5 7.Bb3 d6 8.c3 O-O
9.h3 Nb8 10.d4 Nbd7 11.Nbd2 Bb7 12.Bc2 Re8 13.a4 c5 14.d5 c4 15.Nf1 Nc5 16.Ng3 g6
17.Bh6 Bf8 18.Qd2 Qe7 19.Bg5 Bg7 20.Nh2 Qf8 21.Ra3 h6 22.Be3 Nfd7 23.Rea1 Nb6
24.axb5 axb5 25.Ra5 Nbd7 26.Qd1 Rxa5 27.Rxa5 Ba6 28.Nf3 Ra8 29.Nd2 Qd8 30.Qa1 Bb7
31.Rxa8 Qxa8 32.Qxa8+ Bxa8 33.Nb1 Bb7 34.Na3 Ba6 35.Ne2 Nf6 36.f3 Ne8 37.Nc1 Nc7
38.b3 cxb3 39.Nxb3 Nxb3 40.Bxb3 f5 41.Bb6 Ne8 42.Bc2 fxe4 43.fxe4 h5 44.Kf2 Bh6
45.Be3 Bxe3+ 46.Kxe3 Kf7 47.Bd3 Nc7 48.Kd2 Ke7 49.Kc2 Kd8 50.Nb1 Ne8 51.Kb3 Kc7
52.Kb4 Kb6 53.Na3 Nf6 54.h4 Bc8 55.c4  1/2-1/2

[Event "CRO-chT"]
[Site "Medulin"]
[Date "1997.??.??"]
[Round "?"]
[White "Jusic, Zdenko"]
[Black "Stevic, Hrvoje"]
[Result "0-1"]
[WhiteElo "2365"]
[BlackElo "2400"]

1.e4 e5 2.Nf3 Nc6 3.Bb5 a6 4.Ba4 Nf6 5.O-O Be7 6.Re1 b5 7.Bb3 d6 8.c3 O-O
9.h3 Nb8 10.d4 Nbd7 11.Nbd2 Bb7 12.Bc2 Re8 13.Nf1 Bf8 14.Ng3 g6 15.a4 c5
16.b3 Bg7 17.d5 Nb6 18.Be3 bxa4 19.bxa4 Nc4 20.Bc1 Na5 21.Rb1 Qc7 22.Qe2 c4
23.Be3 Nd7 24.Nd2 Rf8 25.Rb4 Rac8 26.Reb1 Ba8 27.Ngf1 f5 28.exf5 gxf5 29.Qh5 e4
30.Ng3 Nf6 31.Qxf5 Nxd5 32.Qxe4 Bxc3 33.Qe6+ Qf7 34.Qg4+ Qg7 35.Qe6+ Kh8
36.Bh6 Qg8 37.Qxd6 Rf6 38.Qd7 Rxh6 39.Qxc8 Bxb4 40.Qf5 Rf6 41.Qe5 Bc3 42.Qe2 Nf4
43.Qe3 Bd4 44.Nde4 Bxe3 45.Nxf6 Qxg3 46.Rb8+ Kg7 47.Rg8+ Kxf6 48.Rxg3 Ne2+  0-1

[Event "JUG-chT"]
[Site "Niksic"]
[Date "1997.??.??"]
[Round "5"]
[White "Mitrovic, Petar"]
[Black "Nikolic, Sava NR"]
[Result "1-0"]
[WhiteElo "2385"]
[BlackElo "2080"]

1.e4 e5 2.Nf3 Nc6 3.Bb5 a6 4.Ba4 Nf6 5.O-O Be7 6.Re1 b5 7.Bb3 O-O 8.c3 d6
9.h3 Nb8 10.d4 Nbd7 11.Nbd2 Bb7 12.Bc2 Re8 13.Bd3 Bf8 14.a4 c6 15.Qc2 g6
16.b3 Bg7 17.Ba3 d5 18.dxe5 Nxe4 19.Bxe4 dxe4 20.Nxe4 Nxe5 21.Nxe5 Bxe5 22.Nd6 Bxd6
23.Rxe8+ Qxe8 24.Bxd6 c5 25.axb5 axb5 26.Rxa8 Bxa8 27.Qd2 Qe6 28.Qf4 c4 29.bxc4 bxc4
30.Be5 Bc6 31.Bd4 Be8 32.f3 h5 33.Qh6 f6 34.Kf2 Qe7 35.Qf4 Kf7 36.Be3 Qe6
37.Qc7+ Bd7 38.Bh6 g5 39.g4 hxg4 40.hxg4 Qe7 41.Qxc4+ Kg6 42.Bf8 Qxf8 43.Qd3+ f5
44.Qxd7 fxg4 45.Qe6+ Kg7 46.Qxg4 Kf6 47.Qd4+ Ke7 48.Qe4+ Kf6 49.Ke3 Qa3 50.Qc6+ Ke5
51.Qb5+ Ke6 52.Qb6+ Ke5 53.Kd3 Qa1 54.Qc5+ Kf6 55.Qc6+ Ke5 56.Qc5+ Kf6 57.Qd6+ Kf5
58.Qd5+ Kf6 59.Kc2 Qa4+ 60.Kb2 Qf4 61.Kb3 Qb8+ 62.Ka4 Qa7+ 63.Kb5 Qb8+ 64.Kc4 Qf4+
65.Kd3 Qc1 66.Qd4+ Kf5 67.Qe4+ Kf6 68.Kd4 Qd2+ 69.Qd3 Qb2 70.Qa6+ Kf5 71.Qc8+ Kf6
72.Qf8+ Ke6 73.Qe8+ Kf6 74.Qe5+ Kg6 75.Qe6+ Kg7 76.Qc6 Kf7 77.Ke5 Qh2+ 78.Ke4 Qc2+
79.Kd5 Qd2+ 80.Kc4 Qb2 81.Kd3 Qb1+ 82.Kd4 Qb2 83.Ke3 Qc1+ 84.Kf2 Qd2+ 85.Kf1 Qc1+
86.Kg2 Qd2+ 87.Kh3 Qc1 88.Qc4+ Kf6 89.Qd4+ Kf5 90.c4 Qh1+ 91.Kg3 Qe1+ 92.Qf2 Qe5+
93.Kg2 Qf4 94.Qc2+ Ke5 95.Qb2+ Kd6 96.Qb8+ Kc5 97.Qxf4 gxf4 98.Kh3 Kxc4 99.Kg4 Kd5
100.Kxf4 Ke6 101.Kg5  1-0

[Event "EU-chT (Men)"]
[Site "Pula"]
[Date "1997.??.??"]
[Round "3"]
[White "Krakops, Maris"]
[Black "Gabriel, Christian"]
[Result "1/2-1/2"]
[WhiteElo "2440"]
[BlackElo "2570"]

1.e4 e5 2.Nf3 Nc6 3.Bb5 a6 4.Ba4 Nf6 5.O-O Be7 6.Re1 b5 7.Bb3 d6 8.c3 O-O
9.h3 Nb8 10.d4 Nbd7 11.Nbd2 Bb7 12.Bc2 Re8 13.Nf1 Bf8 14.Ng3 g6 15.b3 Bg7
16.d5 Rc8 17.c4 c6 18.Bd2 Nc5 19.Rc1 a5 20.a3 bxc4 21.bxc4 Nfd7 22.Bb1 Ba6
23.Nf1 a4 24.Bg5 Qb6 25.N3d2 h6 26.Be3 Rc7 27.h4 h5 28.Bc2 Qa5 29.Ng3 Rb8
30.Rb1 Rxb1 31.Qxb1 Qc3 32.Qa2 cxd5 33.Ne2 Qa5 34.cxd5 Rb7 35.Qa1 Bf6 36.g3 Bd8
37.Nc1 Nf6 38.Na2 Ng4 39.Nb4 Nxe3 40.Rxe3 Bb5 41.Rc3 Bb6 42.Nc4 Bxc4 43.Rxc4 Nd7
44.Qc1  1/2-1/2

[Event "San Agustin opJ"]
[Site "San Agustin"]
[Date "1997.??.??"]
[Round "?"]
[White "Gomez Gonzalez, Javier"]
[Black "Acs, Peter"]
[Result "0-1"]
[WhiteElo "2215"]
[BlackElo "2420"]

1.e4 e5 2.Nf3 Nc6 3.Bb5 a6 4.Ba4 Nf6 5.O-O Be7 6.Re1 b5 7.Bb3 d6 8.c3 O-O
9.h3 Nb8 10.d4 Nbd7 11.Nbd2 Bb7 12.Bc2 Re8 13.Nf1 Bf8 14.Ng3 g6 15.Nh2 Bg7
16.Ng4 Nxg4 17.hxg4 exd4 18.cxd4 c5 19.Be3 Rc8 20.Re2 cxd4 21.Bxd4 Ne5 22.Re1 Rc4
23.Bc3 b4 24.Bxe5 Bxe5 25.Bd3 Rc5 26.Qd2 Bxg3 27.fxg3 a5 28.Qf4 Kg7 29.Rad1 Qe7
30.Rd2 f6 31.Kf2 d5 32.Rh1 dxe4 33.Re2 Re5 34.Qh6+ Kh8 35.Bc4 e3+ 36.Kf1 Qg7
37.Qf4 Re4 38.Rxh7+ Kxh7 39.Qd6 Rxc4 40.Re1 Rc2  0-1

[Event "Seversk"]
[Site "Seversk"]
[Date "1997.??.??"]
[Round "3"]
[White "Loskutov, Oleg"]
[Black "Balashov, Yuri S"]
[Result "0-1"]
[WhiteElo "2400"]
[BlackElo "2510"]

1.e4 e5 2.Nf3 Nc6 3.Bb5 a6 4.Ba4 Nf6 5.O-O Be7 6.Re1 b5 7.Bb3 d6 8.c3 O-O
9.h3 Nb8 10.d4 Nbd7 11.a4 Bb7 12.Bc2 c5 13.d5 c4 14.Be3 Qb8 15.Nbd2 Nc5 16.Qe2 Qc7
17.Ra3 Rab8 18.Rea1 Bc8 19.axb5 axb5 20.Nh2 Bd8 21.Ng4 Nxg4 22.hxg4 Bd7 23.Ra8 Rxa8
24.Rxa8 Qb7 25.Ra1 Bb6 26.g5 Ra8 27.Qd1 Ra6 28.Qb1 Qa7 29.Rxa6 Qxa6 30.g3 Qa7
31.Kg2 Bc8 32.Qc1 Qa2 33.Qb1 Qa7 34.Qc1 g6 35.Qf1 Qd7 36.Qa1 Qh3+ 37.Kg1 Nb3
38.Qe1 Nxd2 39.Qxd2 Bg4 40.Qe1 Bf3  0-1

[Event "Singapore Double Round"]
[Site "Singapore"]
[Date "1997.??.??"]
[Round "4"]
[White "Suradiradja, Herman"]
[Black "Lau Keng Boon"]
[Result "1-0"]
[WhiteElo "2240"]
[BlackElo "2230"]

1.e4 e5 2.Nf3 Nc6 3.Bb5 a6 4.Ba4 Nf6 5.O-O Be7 6.Re1 b5 7.Bb3 d6 8.c3 O-O
9.h3 Nb8 10.d4 Nbd7 11.Nbd2 Bb7 12.d5 Re8 13.Nf1 Bf8 14.Ng3 g6 15.Nh2 Bg7
16.Bg5 h6 17.Be3 Kh7 18.Bc2 Nf8 19.Ng4 h5 20.Nh2 c6 21.dxc6 Bxc6 22.Nf3 Ne6
23.Ng5+ Nxg5 24.Bxg5 Qc7 25.Re3 Ng8 26.Nxh5 f6 27.Nxg7 Kxg7 28.Bh4 g5 29.Bg3 Ne7
30.h4 Ng6 31.hxg5 fxg5 32.Qd2 Rad8 33.Rf3 Qe7 34.Rf5 Kh6 35.Kh2 Bd7 36.Rh1 Bxf5
37.exf5 Nf4 38.Kg1+ Kg7 39.Rh7+ Kxh7 40.f6+  1-0

[Event "SVK-chT1W 9798"]
[Site "SVK"]
[Date "1997.??.??"]
[Round "?"]
[White "Vlcek, Stanislav"]
[Black "Drtina, Milan"]
[Result "1-0"]
[WhiteElo "2130"]
[BlackElo "2320"]

1.e4 e5 2.Nf3 Nc6 3.Bb5 a6 4.Ba4 Nf6 5.O-O Be7 6.Re1 b5 7.Bb3 d6 8.c3 O-O
9.h3 Nb8 10.d4 Nbd7 11.Nbd2 c5 12.Nf1 Bb7 13.d5 c4 14.Bc2 Ne8 15.Ng3 g6 16.Bh6 Ng7
17.Qd2 f6 18.Nh2 Nc5 19.b4 cxb3 20.axb3 Qc7 21.Ng4 Bc8 22.Ne3 Bd7 23.c4 bxc4
24.Nxc4 f5 25.exf5 gxf5 26.b4 Nb7 27.Bb3 Rf7 28.f4 e4 29.Ne2 Nd8 30.Kh1 Qa7
31.Rf1 Qb8 32.Nd4 Bf6 33.Na5 Nh5 34.Kh2 Bb5 35.Rg1 Bd3 36.Ndc6 Qb5 37.Rac1 Nb7
38.Nxb7 Qxb7 39.g4 fxg4 40.hxg4 Ng7 41.f5 a5 42.g5 Bd8 43.g6 Rxf5 44.gxh7+ Kxh7
45.Rxg7+ Qxg7 46.Bxg7 Bg5 47.Qd1 Bxc1 48.Qxc1 Kxg7 49.Nd4 Rh5+ 50.Kg3 Rg8
51.Kg4 Rh2 52.Kf5 Rf2+ 53.Ke6 Rf6+ 54.Kd7 Rf7+ 55.Kxd6 Rf6+ 56.Ke5 Kg6 57.d6 Re8+
58.Be6 Rf7 59.Qg1+ Kh7 60.Qh2+ Kg7 61.Qg3+ Kh8 62.Qh4+ Rh7 63.Qf6+ Rg7 64.Nf5  1-0